[Event "100th YMCA Winter D"]
[Site "Warszawa"]
[Date "2012.01.03"]
[Round "1"]
[White "Markiewicz, Janusz"]
[Black "Jackiewicz, Jerzy"]
[Result "0-1"]
[WhiteElo "1411"]
[BlackElo "1668"]
[PlyCount "112"]
[EventDate "2012.01.03"]
[EventType "tourn"]
[EventRounds "1"]
[EventCountry "POL"]
[SourceDate "2012.01.03"]

1. e4 c5 2. c3 e5 3. Bc4 d6 4. Qb3 Qc7 5. d3 Nc6 6. Bg5 Na5 7. Qc2 Nxc4 8. dxc4
Be6 9. b3 Be7 10. Nf3 h6 11. Be3 Nf6 12. Nbd2 Ng4 13. Qd3 O-O 14. h3 Nxe3 15.
Qxe3 f5 16. b4 f4 17. Qd3 b6 18. b5 Rad8 19. a4 Bf6 20. Ra3 Qf7 21. a5 Be7 22.
a6 Qg6 23. Rg1 Qf7 24. Kd1 Qg6 25. Ra4 Qf7 26. Kc2 Bf6 27. Kb2 Rd7 28. Nh2 Qg6
29. Qf3 Be7 30. Kb3 Rfd8 31. Nhf1 d5 32. cxd5 Rxd5 33. Kc2 Rd3 34. Qxd3 Rxd3
35. Kxd3 Bxh3 36. g3 Be6 37. Nf3 c4+ 38. Kd2 Qxe4 39. Ne1 Bg5 40. gxf4 Bxf4+
41. Ne3 Qb1 42. Ke2 Qxb5 43. Rb4 Qxa6 44. N1c2 Qb7 45. f3 a6 46. Rg6 Kf7 47.
Rg1 b5 48. Rb2 Qb6 49. Rbb1 Qc5 50. Rg2 a5 51. Rbg1 g5 52. Rh1 Kg6 53. Ng4 Bxg4
54. fxg4 b4 55. cxb4 axb4 56. Rgg1 b3 0-1

[Event "100th YMCA Winter D"]
[Site "Warszawa"]
[Date "2012.01.03"]
[Round "1"]
[White "Gajewski, Wojciech"]
[Black "Wojcikiewicz, Dariusz"]
[Result "1/2-1/2"]
[WhiteElo "1481"]
[BlackElo "1434"]
[Annotator "M"]
[PlyCount "90"]
[EventDate "2012.01.03"]
[EventType "tourn"]
[EventRounds "1"]
[EventCountry "POL"]
[SourceDate "2012.01.03"]

1. d4 b6 2. Nf3 Bb7 3. Bf4 Nf6 4. h3 e6 5. e3 Nc6 6. c3 Ne7 7. Bd3 Ned5 8. Bg3
g6 9. Nbd2 Bg7 10. O-O Qc8 11. e4 Ne7 12. Qe2 O-O 13. e5 Nh5 14. Bh2 f5 15.
exf6 Nxf6 16. a3 Nfd5 17. Ne5 Nf4 18. Bxf4 Rxf4 19. g3 Rf8 20. Kh2 Nc6 21. f4
Nxe5 22. fxe5 Qd8 23. Be4 c6 24. Rf3 Rxf3 25. Nxf3 Qe7 26. Kg2 Rf8 27. Rf1 Qf7
28. Nh2 Qe7 29. Nf3 Bh6 30. Rd1 Bg7 31. Qe3 Bc8 32. Re1 Rf7 33. Qg5 Qxg5 34.
Nxg5 Rf8 35. Rf1 Rxf1 36. Kxf1 Ba6+ 37. Kf2 h6 38. h4 hxg5 39. hxg5 $11 Bc4 40.
Ke3 Kf7 41. Kf4 Ke7 42. Ke3 Kd8 43. Kd2 Kc7 44. Bb1 Kb7 45. Ke3 Kc7 $11 1/2-1/2

[Event "100th YMCA Winter D"]
[Site "Warszawa"]
[Date "2012.01.05"]
[Round "1"]
[White "Solnicki, Maciej"]
[Black "Bartczak, Hanna"]
[Result "1-0"]
[WhiteElo "1474"]
[BlackElo "1645"]
[PlyCount "55"]
[EventDate "2012.01.03"]
[EventType "tourn"]
[EventRounds "1"]
[EventCountry "POL"]
[SourceDate "2012.01.03"]

1. e4 d6 2. d4 Nf6 3. Nc3 c6 4. Nf3 Nbd7 5. Bc4 h6 6. O-O e5 7. Re1 Be7 8. Be3
b5 9. Bb3 b4 10. Nb1 Nxe4 11. Qd3 Nef6 12. Bd2 exd4 13. Qc4 O-O 14. Qxc6 Rb8
15. Nxd4 Ne5 16. Qa4 Qb6 17. Be3 Bd7 18. Nf5 Bd8 19. Bxb6 Bxa4 20. Bxd8 Bxb3
21. Bxf6 Bxc2 22. Bxe5 dxe5 23. Ne3 Rbc8 24. Nd2 Bd3 25. Rac1 f5 26. Nb3 f4 27.
Nd5 Bc4 28. Ne7+ 1-0

[Event "100th YMCA Winter D"]
[Site "Warszawa"]
[Date "2012.01.03"]
[Round "1"]
[White "Olsztynski, Andrzej"]
[Black "Tomczyk, Ryszard"]
[Result "1-0"]
[WhiteElo "1534"]
[BlackElo "1439"]
[PlyCount "83"]
[EventDate "2012.01.03"]
[EventType "tourn"]
[EventRounds "1"]
[EventCountry "POL"]
[SourceDate "2012.01.03"]

1. e4 c5 2. Nf3 g6 3. d4 e6 4. Be2 Qb6 5. Nc3 cxd4 6. Qxd4 Qxd4 7. Nxd4 b6 8.
Ndb5 Na6 9. Bf4 Bb7 10. Nd6+ Bxd6 11. Bxd6 Nf6 12. e5 Ng8 13. O-O f6 14. Nb5
Bc6 15. Rfd1 Kf7 16. exf6 Kxf6 17. f4 Kf7 18. Be5 Nf6 19. Nd6+ Ke7 20. Bxa6
Rhf8 21. Bxf6+ Rxf6 22. Rd4 Raf8 23. Nc8+ Kd8 24. Nxa7 e5 25. fxe5 Re6 26. Bc4
Ke7 27. Bxe6 Kxe6 28. Nxc6 dxc6 29. Re1 Rc8 30. Rd6+ Ke7 31. Red1 Kf8 32. Rd8+
Rxd8 33. Rxd8+ Ke7 34. Rd6 b5 35. Kf2 c5 36. Ke3 b4 37. Ke4 c4 38. Kd5 c3 39.
bxc3 bxc3 40. Ra6 Kf7 41. Ra7+ Kg8 42. Ke6 1-0

[Event "100th YMCA Winter D"]
[Site "Warszawa"]
[Date "2012.01.18"]
[Round "1"]
[White "Kovalchuk, Vasyl"]
[Black "Wilczynski, Adam"]
[Result "1-0"]
[WhiteElo "1662"]
[BlackElo "1654"]
[PlyCount "113"]
[EventDate "2012.01.03"]
[EventType "tourn"]
[EventRounds "1"]
[EventCountry "POL"]
[SourceDate "2012.01.03"]

1. c4 Nf6 2. Nc3 e5 3. g3 d5 4. cxd5 Nxd5 5. Bg2 Nb6 6. Nf3 Nc6 7. O-O Be7 8.
a3 Be6 9. d3 O-O 10. b4 f6 11. Bb2 Qd7 12. Rc1 Bh3 13. Qb3+ Kh8 14. Rfd1 Bxg2
15. Kxg2 Nd4 16. Nxd4 exd4 17. Ne4 c6 18. Nd2 Rae8 19. Nf3 Bd6 20. Nxd4 Be5 21.
e3 Nc8 22. Nf3 Bxb2 23. Qxb2 Nd6 24. Qb3 Nf7 25. d4 Qf5 26. Rc5 Qe4 27. Qd3 Ng5
28. Qxe4 Nxe4 29. Rc2 Rd8 30. Rdc1 Kg8 31. a4 Rd5 32. Ne1 Rfd8 33. Nd3 Kf7 34.
Rb1 g5 35. b5 cxb5 36. f3 Nd6 37. Nb4 Nc4 38. Nxd5 Rxd5 39. Kf2 Rd7 40. Rc3 a6
41. axb5 axb5 42. Rxb5 Nd6 43. Rb4 g4 44. e4 h5 45. e5 fxe5 46. dxe5 Nf5 47.
fxg4 hxg4 48. Rxg4 Rd2+ 49. Kg1 Nd4 50. Rxd4 Rxd4 51. Rc7+ Ke6 52. Rxb7 Kxe5
53. Rf7 Ke6 54. Rf2 Ke7 55. h4 Rg4 56. Kg2 Rg8 57. Kh3 1-0

[Event "100th YMCA Winter D"]
[Site "Warszawa"]
[Date "2012.01.03"]
[Round "1"]
[White "Starczewski, Michal"]
[Black "Jankiewicz, Maciej"]
[Result "1-0"]
[WhiteElo "1511"]
[BlackElo "1389"]
[PlyCount "87"]
[EventDate "2012.01.03"]
[EventType "tourn"]
[EventRounds "1"]
[EventCountry "POL"]
[SourceDate "2012.01.03"]

1. d4 Nf6 2. c4 e6 3. Nc3 d5 4. Nf3 b6 5. Bg5 Bb7 6. e3 h6 7. Bh4 Be7 8. Be2 c5
9. O-O O-O 10. cxd5 Nxd5 11. Bxe7 Qxe7 12. Rc1 cxd4 13. Nxd4 Nxc3 14. Rxc3 Na6
15. Bf3 Rfd8 16. Qe2 Bxf3 17. Qxf3 Qd6 18. Rfc1 Qd5 19. a3 Qxf3 20. Nxf3 Rd5
21. Kf1 Rad8 22. Ke2 Kf8 23. b4 f6 24. Nd4 e5 25. Ne6+ Ke7 26. Nxd8 Rxd8 27.
Rd3 Rxd3 28. Kxd3 Kd6 29. f4 exf4 30. exf4 Nc7 31. Ke4 Nb5 32. a4 Nc7 33. g4
Ne6 34. h4 a6 35. f5 Nd8 36. Rd1+ Ke7 37. Kd5 Kd7 38. a5 bxa5 39. bxa5 Nb7 40.
Kc4+ Kc6 41. Kb4 Nd6 42. Re1 Kd7 43. Kc5 Ne8 44. Kb6 1-0

[Event "100th YMCA Winter D"]
[Site "Warszawa"]
[Date "2012.01.10"]
[Round "2"]
[White "Jackiewicz, Jerzy"]
[Black "Jankiewicz, Maciej"]
[Result "1/2-1/2"]
[WhiteElo "1668"]
[BlackElo "1389"]
[PlyCount "70"]
[EventDate "2012.01.03"]
[EventType "tourn"]
[EventRounds "1"]
[EventCountry "POL"]
[SourceDate "2012.01.03"]

1. c4 e5 2. g3 Nf6 3. Bg2 d5 4. cxd5 Nxd5 5. Nc3 c6 6. a3 Be6 7. d3 Be7 8. e3
O-O 9. Nge2 Nd7 10. O-O f5 11. f4 Qb6 12. Nxd5 Bxd5 13. Nc3 Bxg2 14. Kxg2 Rad8
15. Na4 Qb5 16. Qc2 exf4 17. Nc3 Qb6 18. exf4 Nf6 19. Rf3 g6 20. Be3 Bc5 21.
Na4 Qb5 22. Nxc5 Rfe8 23. Qc4+ Qxc4 24. dxc4 b6 25. Na4 Rd3 26. Bg1 Re2+ 27.
Rf2 Re4 28. Rc1 Ng4 29. Rfc2 h5 30. h3 Ne3+ 31. Bxe3 Rexe3 32. Rc3 Rxg3+ 33.
Kf2 Rgf3+ 34. Ke2 Rfe3+ 35. Kf2 Rf3+ 1/2-1/2

[Event "100th YMCA Winter D"]
[Site "Warszawa"]
[Date "2012.01.12"]
[Round "2"]
[White "Rodak, Przemyslaw"]
[Black "Starczewski, Michal"]
[Result "1/2-1/2"]
[WhiteElo "1566"]
[BlackElo "1511"]
[Annotator "M"]
[PlyCount "175"]
[EventDate "2012.01.03"]
[EventType "tourn"]
[EventRounds "1"]
[EventCountry "POL"]
[SourceDate "2012.01.03"]

1. e4 c5 2. Nf3 Nc6 3. c3 d6 4. d4 cxd4 5. cxd4 Nf6 6. Nc3 g6 7. Bc4 Bg7 8. O-O
O-O 9. Re1 e5 10. d5 Ne7 11. Bd2 a6 12. a4 Ne8 13. b4 f5 14. b5 fxe4 15. Nxe4
a5 16. Nfg5 Nc7 17. Qb3 b6 18. Rac1 h6 19. Nf3 Kh7 20. Be3 Rb8 21. Qa3 Ne8 22.
Nfd2 Bb7 23. Nc3 Nf6 24. Qa2 Nf5 25. Bd3 Ng4 26. Nde4 Ngxe3 27. fxe3 Rc8 28.
Qe2 h5 29. g4 hxg4 30. Qxg4 Bh6 31. Ng3 Qg5 32. Qxg5 Bxg5 33. Nf1 Ne7 34. Ne4
Bh4 35. Nfg3 Bxg3 36. hxg3 Rxc1 37. Rxc1 Rc8 38. Rxc8 Nxc8 39. Bc4 Kh6 40. Kf2
Kh5 41. Kf3 g5 42. Nf6+ Kg6 43. Ne8 Kf7 44. Nc7 Ne7 45. e4 Ng8 46. Ne6 Kf6 47.
Nc7 Nh6 48. Be2 Ke7 $11 49. Bf1 g4+ 50. Ke3 Ng8 51. Be2 Nf6 52. Ne6 Bxd5 53.
Ng5 Bb3 54. Kd3 Bxa4 55. Kc3 d5 56. exd5 Nxd5+ 57. Kb2 Nf6 58. Bc4 e4 59. Kc3
Kd6 60. Kd4 Bc2 61. Nf7+ Ke7 62. Ne5 Nh5 63. Nxg4 Nxg3 64. Ne3 Bd3 65. Nd5+ Kd6
66. Nxb6 Bc2 67. Kc3 Bd1 68. Kd2 Bg4 69. Na4 Bd7 70. Ke3 Ke5 71. Nb6 Nf5+ 72.
Kd2 Be8 73. Na4 Nd6 74. Bg8 Bxb5 75. Nc3 Kd4 76. Nd1 Nc4+ 77. Ke1 e3 78. Bxc4
Bxc4 79. Nxe3 Kxe3 80. Kd1 Kd3 81. Kc1 Kc3 82. Kb1 Kb3 83. Ka1 a4 84. Kb1 Bb5
85. Ka1 Kc2 86. Ka2 Kc3 87. Ka1 Bc4 88. Kb1 1/2-1/2

[Event "100th YMCA Winter D"]
[Site "Warszawa"]
[Date "2012.01.10"]
[Round "2"]
[White "Wilczynski, Adam"]
[Black "Sokur, Ivan"]
[Result "1/2-1/2"]
[WhiteElo "1654"]
[BlackElo "1458"]
[PlyCount "111"]
[EventDate "2012.01.03"]
[EventType "tourn"]
[EventRounds "1"]
[EventCountry "POL"]
[SourceDate "2012.01.03"]

1. c4 g6 2. g3 Bg7 3. Bg2 c5 4. Nc3 Nf6 5. Nf3 Nc6 6. O-O O-O 7. d4 cxd4 8.
Nxd4 Nxd4 9. Qxd4 d6 10. Qh4 Qc7 11. Nb5 Qa5 12. Bh6 a6 13. Bxg7 Kxg7 14. Nc3
Bg4 15. Nd5 Bxe2 16. b4 Qa3 17. Rfe1 Bd3 18. Rxe7 Qb2 19. Qxf6+ Qxf6 20. Nxf6
Kxf6 21. Rxb7 Bxc4 22. Rb6 Rad8 23. Rc1 Bxa2 24. Rxa6 Be6 25. b5 Rb8 26. b6 Bc8
27. Ra8 Be6 28. Rca1 d5 29. b7 Ke7 30. R1a5 Rxb7 31. R8a7 Rxa7 32. Rxa7+ Kd6
33. Kf1 Rc8 34. Ke1 Ke5 35. Kd2 h5 36. h4 Rb8 37. Ra2 Rb4 38. Rc2 Rb3 39. Rc3
Rxc3 40. Kxc3 d4+ 41. Kd3 Bf5+ 42. Kd2 f6 43. f4+ Kd6 44. Bf3 Kc5 45. Bg2 Kc4
46. Bf3 d3 47. Bg2 Kd4 48. Bf1 Be4 49. Bh3 Bd5 50. Bf1 Bc4 51. Bg2 Bf7 52. Bf1
Bc4 53. Bg2 Be6 54. Bf1 Bf5 55. Bg2 Bg4 56. Bb7 1/2-1/2

[Event "100th YMCA Winter D"]
[Site "Warszawa"]
[Date "2012.01.19"]
[Round "2"]
[White "Tomczyk, Ryszard"]
[Black "Kovalchuk, Vasyl"]
[Result "0-1"]
[WhiteElo "1439"]
[BlackElo "1662"]
[Annotator "M"]
[PlyCount "86"]
[EventDate "2012.01.03"]
[EventType "tourn"]
[EventRounds "1"]
[EventCountry "POL"]
[SourceDate "2012.01.03"]

1. e4 c5 2. Nf3 d6 3. d4 cxd4 4. Nxd4 Nf6 5. Nc3 a6 6. h3 e5 7. Nb3 Be6 8. Nd2
b5 9. a3 Nbd7 10. b4 Qc7 11. Bb2 Be7 12. Bd3 O-O 13. Qe2 d5 14. exd5 Nxd5 15.
Nxd5 Bxd5 16. O-O Rfe8 17. Rfe1 Bd6 18. Ne4 Bf8 19. Qh5 g6 20. Qh4 Bg7 21. Re2
f5 22. Nc3 Bf7 23. Re3 e4 24. Bf1 f4 25. Rxe4 Rxe4 26. Nxe4 Bxb2 27. Ng5 h5 28.
Rd1 Bf6 29. g4 Qd8 30. Nxf7 Kxf7 31. g5 Be5 32. Bg2 $11 Rc8 33. Bb7 Rxc2 34. f3
Qb6+ 35. Kf1 Qxb7 36. Rd3 Qc6 37. Qe1 Rc1 38. Rxd7+ Ke6 39. Rd1 Qxf3+ 40. Kg1
Rxd1 41. Qxd1 Qxd1+ 42. Kf2 Qd2+ 43. Kg1 f3 0-1

[Event "100th YMCA Winter D"]
[Site "Warszawa"]
[Date "2012.01.10"]
[Round "2"]
[White "Bartczak, Hanna"]
[Black "Olsztynski, Andrzej"]
[Result "1/2-1/2"]
[WhiteElo "1645"]
[BlackElo "1534"]
[PlyCount "89"]
[EventDate "2012.01.03"]
[EventType "tourn"]
[EventRounds "1"]
[EventCountry "POL"]
[SourceDate "2012.01.03"]

1. d4 Nf6 2. c4 g6 3. Nc3 Bg7 4. e4 d6 5. f3 O-O 6. Be3 e5 7. d5 Ne8 8. Qd2 f5
9. Bg5 Nf6 10. h4 f4 11. h5 h6 12. Bxf6 Bxf6 13. hxg6 Bh4+ 14. Kd1 Qg5 15. Nge2
Kg7 16. Nb5 Na6 17. Nec3 Bd7 18. Na4 Bxb5 19. cxb5 Nc5 20. Nxc5 dxc5 21. Rc1 b6
22. b4 Qe7 23. bxc5 Bg5 24. cxb6 axb6 25. Bc4 Qd7 26. Bb3 Be7 27. Rc6 Bd6 28.
g4 Qe7 29. Qh2 Qg5 30. Qh5 Rh8 31. Rc2 Raf8 32. Rch2 Qxg6 33. Qxg6+ Kxg6 34.
Rh5 Kg7 35. g5 hxg5 36. Rxg5+ Kf6 37. Rf5+ Ke7 38. Rxf8 Rxf8 39. Ke2 Rg8 40.
Kf2 Rg3 41. Bd1 Bc5+ 42. Kf1 Rg7 43. Be2 Kd7 44. Ke1 Ba3 45. Bf1 1/2-1/2

[Event "100th YMCA Winter D"]
[Site "Warszawa"]
[Date "2012.01.12"]
[Round "2"]
[White "Wojcikiewicz, Dariusz"]
[Black "Solnicki, Maciej"]
[Result "1-0"]
[WhiteElo "1434"]
[BlackElo "1474"]
[PlyCount "101"]
[EventDate "2012.01.03"]
[EventType "tourn"]
[EventRounds "1"]
[EventCountry "POL"]
[SourceDate "2012.01.03"]

1. b3 d5 2. Bb2 Nf6 3. e3 e6 4. Nf3 Bd6 5. c4 c5 6. Nc3 Nc6 7. cxd5 exd5 8. Bb5
Bd7 9. O-O O-O 10. Ne2 a6 11. Bxc6 Bxc6 12. Ne5 Bd7 13. Nxd7 Nxd7 14. f4 Be7
15. Rc1 Rc8 16. Rf3 Re8 17. Rh3 Bf6 18. Qc2 h6 19. Rg3 Bxb2 20. Qxb2 Qf6 21.
Qxf6 Nxf6 22. d3 Nd7 23. Nc3 Nb6 24. Nd1 Nd7 25. Rf3 b6 26. Rf2 Nb8 27. Rfc2
Nc6 28. a3 a5 29. Kf2 f5 30. d4 Ne7 31. dxc5 bxc5 32. Rxc5 Kf7 33. Ke2 Ke6 34.
Kd3 Kd6 35. Rxc8 Rxc8 36. Rxc8 Nxc8 37. Kd4 Ne7 38. Nc3 Nc6+ 39. Kd3 Kc5 40.
Na4+ Kb5 41. Nc3+ Kc5 42. Ne2 Kd6 43. Ng3 Ke6 44. Ne2 Kd6 45. Nd4 Ne7 46. Nc2
g6 47. b4 axb4 48. Nxb4 Nc8 49. Kd4 Nb6 50. Nd3 Na4 51. Ne5 1-0

[Event "100th YMCA Winter D"]
[Site "Warszawa"]
[Date "2012.01.10"]
[Round "2"]
[White "Markiewicz, Janusz"]
[Black "Gajewski, Wojciech"]
[Result "1/2-1/2"]
[WhiteElo "1411"]
[BlackElo "1481"]
[PlyCount "149"]
[EventDate "2012.01.03"]
[EventType "tourn"]
[EventRounds "1"]
[EventCountry "POL"]
[SourceDate "2012.01.03"]

1. e4 c5 2. b4 b6 3. b5 Bb7 4. Nc3 d6 5. Bc4 Nf6 6. d3 g6 7. Nf3 Bg7 8. Rb1 O-O
9. Ne2 d5 10. exd5 Bxd5 11. Bxd5 Qxd5 12. c4 Qd6 13. Bf4 Qd8 14. O-O a6 15. a4
axb5 16. cxb5 Nd5 17. Bg3 Qd7 18. Qb3 Rc8 19. Rfd1 e6 20. h3 Qa7 21. Be5 Qxa4
22. Bxg7 Qxb3 23. Rxb3 Kxg7 24. Ne5 f6 25. Nc4 e5 26. Nc3 Nxc3 27. Rxc3 Nd7 28.
f3 Ra2 29. Ra3 Rxa3 30. Nxa3 Ra8 31. Nc4 Kf7 32. Kf2 Ke6 33. g4 Ra4 34. Rb1 Rb4
35. Na3 Kd5 36. Ke3 Nf8 37. Rc1 Ne6 38. Rc4 Rb3 39. Ra4 Nf4 40. Ra7 Rxd3+ 41.
Kf2 Nxh3+ 42. Kg3 Nf4 43. Rd7+ Ke6 44. Rxd3 Nxd3 45. Nc4 Nb4 46. Nxb6 Nd5 47.
Nc4 Nc7 48. b6 Na6 49. Kf2 Kd5 50. Na5 c4 51. Ke3 h5 52. gxh5 gxh5 53. f4 exf4+
54. Kxf4 c3 55. Ke3 Kc5 56. b7 Kb6 57. Nc4+ Kxb7 58. Kd3 c2 59. Kxc2 Nc5 60.
Nd6+ Kc6 61. Nf5 Kd5 62. Kd2 Ke5 63. Nh4 Kf4 64. Ke2 Kg4 65. Nf3 Kg3 66. Ng1 h4
67. Ke3 h3 68. Ne2+ Kg4 69. Kf2 Ne4+ 70. Kg1 f5 71. Kh2 Ng5 72. Kh1 f4 73. Nd4
Kg3 74. Ne2+ Kf2 75. Nxf4 1/2-1/2

[Event "100th YMCA Winter D"]
[Site "Warszawa"]
[Date "2012.01.19"]
[Round "3"]
[White "Gajewski, Wojciech"]
[Black "Jackiewicz, Jerzy"]
[Result "1/2-1/2"]
[WhiteElo "1481"]
[BlackElo "1668"]
[PlyCount "103"]
[EventDate "2012.01.03"]
[EventType "tourn"]
[EventRounds "1"]
[EventCountry "POL"]
[SourceDate "2012.01.03"]

1. Nf3 d5 2. g3 Nf6 3. Bg2 e6 4. d3 Be7 5. O-O O-O 6. Nbd2 c5 7. c3 Nc6 8. e4
dxe4 9. dxe4 e5 10. Re1 Qc7 11. Qe2 h6 12. Nh4 Nh7 13. Ndf3 Bg4 14. h3 Bxh4 15.
hxg4 Be7 16. Nh4 Bxh4 17. gxh4 Qe7 18. h5 f6 19. Be3 b6 20. Qb5 Qc7 21. Rac1 a6
22. Qc4+ Qf7 23. Qe2 a5 24. Qb5 Qc7 25. Bf1 Ng5 26. b4 Nf3+ 27. Kg2 Nxe1+ 28.
Rxe1 axb4 29. Bc4+ Kh8 30. Bd5 Na7 31. Qc4 Rac8 32. cxb4 cxb4 33. Qxb4 Qc3 34.
Qxc3 Rxc3 35. Bxb6 Nb5 36. Ba5 Rc2 37. Bb3 Rcc8 38. Be6 Ra8 39. Bb4 Rfd8 40.
Be7 Rd2 41. Bd5 Rc8 42. a4 Nd4 43. a5 Rcc2 44. Rf1 Ne2 45. Bb7 Nf4+ 46. Kh1 Nh3
47. Kg2 Nf4+ 48. Kh2 Rd3 49. a6 Rh3+ 50. Kg1 Ne2+ 51. Kg2 Nf4+ 52. Kg1 1/2-1/2

[Event "100th YMCA Winter D"]
[Site "Warszawa"]
[Date "2012.01.17"]
[Round "3"]
[White "Solnicki, Maciej"]
[Black "Markiewicz, Janusz"]
[Result "1-0"]
[WhiteElo "1474"]
[BlackElo "1411"]
[PlyCount "101"]
[EventDate "2012.01.03"]
[EventType "tourn"]
[EventRounds "1"]
[EventCountry "POL"]
[SourceDate "2012.01.03"]

1. e4 e5 2. Nf3 d5 3. exd5 e4 4. Qe2 Nf6 5. d3 Qxd5 6. Nbd2 Bf5 7. dxe4 Bxe4 8.
c4 Qa5 9. Nd4 Be7 10. N4b3 Qf5 11. g4 Qg6 12. Nxe4 Qxe4 13. Qxe4 Nxe4 14. Bg2
Bb4+ 15. Kf1 Nd6 16. c5 Nc6 17. cxd6 Bxd6 18. Bxc6+ bxc6 19. Kg2 O-O 20. Re1 f6
21. Be3 a5 22. Bc5 a4 23. Bxd6 cxd6 24. Nd4 c5 25. Nf5 Ra6 26. Rad1 Rb6 27. Rd2
Rd8 28. Re6 Rb4 29. h3 d5 30. Ra6 Rd7 31. Rd6 Rxd6 32. Nxd6 d4 33. Ne4 Rc4 34.
Kf3 Kf8 35. Ke2 Rc1 36. Kd3 Ke7 37. Rc2 Rh1 38. Nxc5 Rxh3+ 39. Kxd4 Rf3 40. Ke4
Rh3 41. Nxa4 Kd6 42. f3 Rh1 43. b4 Re1+ 44. Kf4 Rd1 45. Nc3 Rd4+ 46. Ne4+ Kd7
47. Rd2 Rxd2 48. Nxd2 Kc6 49. a4 Kb6 50. a5+ Ka6 51. Ne4 1-0

[Event "100th YMCA Winter D"]
[Site "Warszawa"]
[Date "2012.01.25"]
[Round "3"]
[White "Olsztynski, Andrzej"]
[Black "Wojcikiewicz, Dariusz"]
[Result "1-0"]
[WhiteElo "1534"]
[BlackElo "1434"]
[PlyCount "103"]
[EventDate "2012.01.03"]
[EventType "tourn"]
[EventRounds "1"]
[EventCountry "POL"]
[SourceDate "2012.01.03"]

1. Nf3 b6 2. e4 Bb7 3. Nc3 e6 4. d4 Bb4 5. Bd3 Nf6 6. Qe2 d5 7. e5 Ne4 8. Bd2
Nxd2 9. Qxd2 Nd7 10. a3 Be7 11. Ne2 c5 12. c3 O-O 13. O-O f6 14. Qc2 f5 15. Nf4
Kf7 16. Bxf5 exf5 17. e6+ Kg8 18. exd7 Qxd7 19. Ne5 Qd6 20. Rae1 Bg5 21. Nfd3
cxd4 22. cxd4 Rac8 23. Qa4 a5 24. Qd7 Qxd7 25. Nxd7 Rfd8 26. Nxb6 Rc6 27. Na4
Rc4 28. Nac5 Bc8 29. Ne5 Rc2 30. f4 Bf6 31. b3 Rc3 32. Rc1 Rxc1 33. Rxc1 h6 34.
Rc3 Rd6 35. Kf2 Bh4+ 36. g3 Bd8 37. h4 Rb6 38. Na4 Ba6 39. Nxb6 Bxb6 40. Ke3
Bd8 41. a4 Kf8 42. Nc6 Bb6 43. Nb8 Bxd4+ 44. Kxd4 Be2 45. Kxd5 Kf7 46. Re3 Bd1
47. Nc6 Kf6 48. Ne5 g5 49. Rc3 gxh4 50. gxh4 Ke7 51. Rc7+ Kf6 52. Rf7# 1-0

[Event "100th YMCA Winter D"]
[Site "Warszawa"]
[Date "2012.01.17"]
[Round "3"]
[White "Kovalchuk, Vasyl"]
[Black "Bartczak, Hanna"]
[Result "1-0"]
[WhiteElo "1662"]
[BlackElo "1645"]
[PlyCount "111"]
[EventDate "2012.01.03"]
[EventType "tourn"]
[EventRounds "1"]
[EventCountry "POL"]
[SourceDate "2012.01.03"]

1. c4 e5 2. Nc3 Nf6 3. g3 d6 4. Bg2 c6 5. d3 Be7 6. Nf3 O-O 7. O-O Nbd7 8. Nd2
Nb6 9. a3 a5 10. b3 d5 11. cxd5 Nbxd5 12. Bb2 Qc7 13. Rc1 Nxc3 14. Rxc3 Be6 15.
Rc1 Bd5 16. Bxd5 Nxd5 17. Nc4 Bf6 18. h4 Rfe8 19. e4 Nb6 20. Ne3 g6 21. f4 Qe7
22. f5 Nd7 23. Rf3 Bg7 24. Rc2 f6 25. g4 Bh6 26. Nf1 Bf4 27. Bc1 g5 28. h5 Nc5
29. Rc3 Red8 30. Qc2 Na6 31. Bb2 Rd7 32. Nd2 Bxd2 33. Qxd2 Nc7 34. Rc4 Nb5 35.
Qc1 Nd4 36. Bxd4 Rxd4 37. Rxd4 exd4 38. Qc4+ Kf8 39. Qxd4 Rd8 40. Qc3 Qe5 41.
Qxe5 fxe5 42. Kf2 Kf7 43. Ke3 Kf6 44. Rf2 Rd4 45. Rc2 h6 46. Rc5 a4 47. b4 Rd6
48. Ra5 b5 49. Ra8 Kf7 50. Rc8 Ke7 51. Kd2 Kd7 52. Rg8 Ke7 53. Rg7+ Kf8 54. Rg6
Ke7 55. Rxd6 Kxd6 56. Kc3 1-0

[Event "100th YMCA Winter D"]
[Site "Warszawa"]
[Date "2012.01.17"]
[Round "3"]
[White "Sokur, Ivan"]
[Black "Tomczyk, Ryszard"]
[Result "1-0"]
[WhiteElo "1458"]
[BlackElo "1439"]
[Annotator "M"]
[PlyCount "179"]
[EventDate "2012.01.03"]
[EventType "tourn"]
[EventRounds "1"]
[EventCountry "POL"]
[SourceDate "2012.01.03"]

1. d4 Nf6 2. c4 b6 3. Nc3 Bb7 4. Bg5 e6 5. e3 Be7 6. Bxf6 Bxf6 7. Nf3 d6 8. e4
O-O 9. g3 Nd7 10. Bg2 c5 11. O-O a6 12. Qd3 g6 13. Rab1 Rb8 14. b3 Qc7 15. a4
Kg7 16. d5 Rbd8 17. Nd2 Ne5 18. Qc2 Rh8 19. h3 Nd7 20. Ne2 Rhf8 21. f4 Rde8 22.
g4 Kg8 23. f5 exf5 24. gxf5 Bg7 25. Rf2 Qd8 26. Rbf1 Bc8 27. Kh1 Nf6 28. Ng3
Nd7 29. Nf3 Ne5 30. Nh2 Qg5 31. Ne2 f6 32. fxg6 hxg6 33. Nf3 Qh6 34. Nxe5 fxe5
35. Ng1 g5 36. Rxf8+ Rxf8 37. Rxf8+ Bxf8 38. Qf2 g4 39. Qg3 Kh7 40. Ne2 Be7 41.
Qf2 Kg7 42. Ng3 gxh3 43. Bf1 Qg6 44. Nf5+ Bxf5 45. Qxf5 Qxf5 46. exf5 Bg5 47.
Kh2 e4 48. Kxh3 Kf6 49. Kg4 Bh6 50. Be2 Bd2 51. Bf1 Ke5 52. Be2 a5 53. Bd1 Bh6
54. Kh5 Bf8 55. Kg6 Be7 56. Kf7 Bh4 57. Ke8 Kxf5 58. Kd7 Ke5 59. Kc7 e3 60.
Kxb6 Be1 61. Kc6 Bh4 62. Kc7 Be7 63. Kd7 Bf6 64. Kc6 Be7 65. Kb6 Bd8+ 66. Kc6
Be7 67. Kd7 $11 Bf8 68. Ke8 Bh6 69. Kd7 Bf4 70. Kc6 Kd4 71. Kb5 Kd3 72. Kxa5 e2
73. Bxe2+ Kxe2 74. Kb5 Bd2 75. Kc6 Kd3 76. Kxd6 Bb4 77. Kc6 Kc3 78. Kb5 Kxb3
79. d6 Bd2 80. d7 Bg5 $11 81. a5 Bd8 82. a6 Bc7 83. a7 Bb6 84. Kxb6 Kxc4 85.
a8=Q Kb4 86. Qe4+ c4 87. d8=R Kb3 88. Rd4 c3 89. Rb4+ Ka3 90. Qc4 1-0

[Event "100th YMCA Winter D"]
[Site "Warszawa"]
[Date "2012.01.17"]
[Round "3"]
[White "Starczewski, Michal"]
[Black "Wilczynski, Adam"]
[Result "0-1"]
[WhiteElo "1511"]
[BlackElo "1654"]
[PlyCount "100"]
[EventDate "2012.01.03"]
[EventType "tourn"]
[EventRounds "1"]
[EventCountry "POL"]
[SourceDate "2012.01.03"]

1. d4 Nf6 2. c4 e6 3. Nc3 Bb4 4. a3 Bxc3+ 5. bxc3 O-O 6. Bg5 d6 7. Nf3 Nbd7 8.
Qc2 Qe7 9. e4 e5 10. Bd3 Re8 11. O-O b6 12. Nd2 h6 13. Bh4 g5 14. Bg3 Nh5 15.
a4 a5 16. Be2 Nf4 17. Bg4 Ba6 18. Bxf4 gxf4 19. g3 Kh8 20. Qd1 Rg8 21. Bf5 Nf6
22. Kh1 Rg5 23. Rg1 Rag8 24. Qf3 Bb7 25. d5 fxg3 26. hxg3 Ba6 27. Kg2 Kg7 28.
Rh1 h5 29. Rh4 Kf8 30. Rah1 Qe8 31. Qd1 Ke7 32. Qb3 Kd8 33. Rd1 Ke7 34. Nf3
R5g7 35. Nxe5 dxe5 36. d6+ Kd8 37. c5 Qc6 38. dxc7+ Kxc7 39. Qxb6+ Qxb6 40.
cxb6+ Kc6 41. Rhh1 Rb8 42. Rd2 Rxb6 43. Rhd1 Kc5 44. Rd8 Bb7 45. Kh3 Nxe4 46.
Bxe4 Bxe4 47. Kh4 Bf3 48. R1d3 Bc6 49. Kxh5 Rb1 50. Rd1 Bf3+ 0-1

[Event "100th YMCA Winter D"]
[Site "Warszawa"]
[Date "2012.01.17"]
[Round "3"]
[White "Jankiewicz, Maciej"]
[Black "Rodak, Przemyslaw"]
[Result "0-1"]
[WhiteElo "1389"]
[BlackElo "1566"]
[Annotator "M"]
[PlyCount "106"]
[EventDate "2012.01.03"]
[EventType "tourn"]
[EventRounds "1"]
[EventCountry "POL"]
[SourceDate "2012.01.03"]

1. e4 c5 2. d4 cxd4 3. c3 dxc3 4. Nxc3 Nc6 5. Bc4 Nf6 6. Nf3 e6 7. e5 Ng4 8.
Qe2 Qa5 9. Bf4 Bb4 10. Rc1 f6 11. exf6 Nxf6 12. O-O O-O 13. a3 Bxc3 14. Rxc3
Nd5 15. Bxd5 Rxf4 16. Ba2 d5 17. b4 Qd8 18. Rd1 Qf6 19. Re3 a6 20. Rxd5 h6 21.
Rd6 Kh8 22. Bxe6 Bxe6 23. Rdxe6 Qa1+ 24. Ne1 Raf8 25. Re8 Nd4 26. Rxf8+ Rxf8
27. Qd2 Rc8 28. Kf1 Nc2 29. Re7 Nxe1 30. Rxe1 Qxa3 31. g3 $11 Qb3 32. Re7 Qb1+
33. Kg2 Qf5 $11 34. Qd4 Qg6 35. Rxb7 Qc6+ 36. Kh3 Qxb7 37. Qh4 Rb8 38. Qc4 Qc8+
39. Qxc8+ Rxc8 40. f4 Rb8 41. g4 Rxb4 42. f5 a5 43. Kh4 a4 44. Kh5 a3 45. h4 a2
46. g5 hxg5 47. hxg5 a1=Q 48. f6 Qh1+ 49. Kg6 gxf6 50. gxf6 Qe4+ 51. Kf7 Rb7+
52. Kf8 Qc6 53. f7 Qc8# 0-1